000 00805nam a2200205Ia 4500
003 GCL
008 140319s9999 xx 000 0 ara d
020 _a*013039960
040 _aGCL /
_cGCL
082 0 4 _a949.61015
_bع ح
100 1 _aعايض بن خزام الروقى
245 1 0 _aحروب البلقان والحركة العربية فى المشرق العربى العثمانى /
_cعايض بن خزام الروقى
250 _aالاولى
260 _aالرياض :
_bمعهد البحوث العلمية واحياء التراث الاسلامى ،
_c1996
300 _a455 ص ؛
_c24 سم
490 _aسلسلة بحوث الدراسات الاسلامية
_v0
650 0 4 _aالامبراطورية العثمانية
650 0 4 _aحرب البلقان
942 _2ddc
_cBK
999 _c6955
_d6955